| 000 | 00601nam a22002057a 4500 | ||
|---|---|---|---|
| 003 | OSt | ||
| 005 | 20230707070653.0 | ||
| 008 | 230707b |||||||| |||| 00| 0 eng d | ||
| 020 | _a9780645236200 | ||
| 040 |
_cNIRUC _dNIRUC |
||
| 050 |
_aTK7882. E2 _bP78 |
||
| 100 |
_aPrunckun, Hank, _d2021 |
||
| 245 |
_aEspionage black book three : _b surveillance explained by Hank w. Prunckun |
||
| 260 |
_aAustralia : _bBibliologica Press, _c2021. |
||
| 300 |
_av,65 p.: _bill. _c22cm. |
||
| 650 | _aBusiness Intelligence. | ||
| 650 | _aTrade Secrets. | ||
| 650 | _aUndercover Operations. | ||
| 942 |
_2lcc _cBK _n0 |
||
| 999 |
_c501 _d501 |
||